000 00377cam a22001337a 4500
008 180718b1959 xxu||||| |||| 00| 0 eng d
082 _aA99 G151/H95
100 _aHusain, S. Abdi
245 _aWay of Gandhi and Nehru
_cby S. Abid Husain
260 _aBombay
_bAsia Pub. House
_c1959
300 _a184p.
500 _aRs.12.00
650 _aGandhi, Mohandas Karamchand, 1869-1948
999 _c368906
_d368906